[Event "DEM U10 2017"]
[Site "Willingen GER"]
[Date "2017.06.07"]
[Round "7"]
[White "Rempe, Jonas"]
[Black "Costa, Leonardo"]
[Result "1-0"]
[Termination "normal"]
[Board "1"]
[WhiteElo "1733"]
[BlackElo "1704"]
[WhiteClock "00:10:06"]
[BlackClock "00:09:59"]
[PlyCount "141"]
[WhiteFideId "16202406"]
[BlackFideId "16213955"]
[EventCountry "GER"]
[EventRounds "11"]
[EventType "swiss"]
[EventDate "2017.06.03"]

1. e4 {[%clk 1:15:40]} 1... e5 {[%clk 1:15:54]} 2. Nf3 {[%clk 1:15:40]} 2...
Nc6 {[%clk 1:16:19]} 3. Bb5 {[%clk 1:15:40]} 3... a6 {[%clk 1:16:44]} 4. Ba4 {
[%clk 1:15:46]} 4... Nf6 {[%clk 1:17:06]} 5. O-O {[%clk 1:15:50]} 5... Be7 {
[%clk 1:17:28]} 6. Re1 {[%clk 1:16:10]} 6... b5 {[%clk 1:17:55]} 7. Bb3 { [%clk
1:16:33]} 7... O-O {[%clk 1:18:16]} 8. a4 {[%clk 1:16:57]} 8... Bb7 { [%clk
1:16:30]} 9. d3 {[%clk 1:13:12]} 9... d6 {[%clk 1:15:15]} 10. Nbd2 { [%clk
1:13:21]} 10... Na5 {[%clk 1:14:11]} 11. Ba2 {[%clk 1:13:29]} 11... c5 { [%clk
1:11:57]} 12. Nf1 {[%clk 1:09:14]} 12... Qd7 {[%clk 1:02:00]} 13. Ne3 { [%clk
1:00:23]} 13... g6 {[%clk 1:01:14]} 14. Nf1 {[%clk 0:51:05]} 14... Rfc8 { [%clk
0:56:18]} 15. Ne3 {[%clk 0:48:28]} 15... c4 {[%clk 0:52:36]} 16. Bd2 { [%clk
0:46:50]} 16... Bd8 {[%clk 0:46:56]} 17. Rf1 {[%clk 0:35:37]} 17... cxd3 {[%clk
0:46:42]} 18. cxd3 {[%clk 0:35:51]} 18... Nc6 {[%clk 0:43:27]} 19. Ng5 { [%clk
0:35:17]} 19... Nd4 {[%clk 0:24:37]} 20. Nxf7 {[%clk 0:30:54]} 20... Kg7 {[%clk
0:23:53]} 21. Nc2 {[%clk 0:25:52]} 21... Ne6 {[%clk 0:17:56]} 22. Nxd8 { [%clk
0:20:37]} 22... Rxd8 {[%clk 0:16:19]} 23. f4 {[%clk 0:16:22]} 23... Nc5 { [%clk
0:12:55]} 24. Bc3 {[%clk 0:12:42]} 24... Re8 {[%clk 0:08:14]} 25. fxe5 { [%clk
0:08:44]} 25... dxe5 {[%clk 0:08:37]} 26. Qf3 {[%clk 0:09:05]} 26... Qd6 {[%clk
0:08:20]} 27. Bd5 {[%clk 0:06:19]} 27... Nxd5 {[%clk 0:07:01]} 28. exd5 {[%clk
0:02:49]} 28... Bxd5 {[%clk 0:07:03]} 29. Qg3 {[%clk 0:02:15]} 29... Nxa4
{[%clk 0:06:49]} 30. Ne3 {[%clk 0:01:45]} 30... Kh8 {[%clk 0:06:41]} 31. Rf2
{[%clk 0:01:16]} 31... Nxc3 {[%clk 0:06:53]} 32. bxc3 {[%clk 0:01:40]} 32...
Rf8 {[%clk 0:07:07]} 33. Raf1 {[%clk 0:01:47]} 33... Rxf2 {[%clk 0:06:32] } 34.
Rxf2 {[%clk 0:02:08]} 34... Bg8 {[%clk 0:05:57]} 35. Ng4 {[%clk 0:02:00]} 35...
Rf8 {[%clk 0:05:01]} 36. Nxe5 {[%clk 0:01:04]} 36... Qe7 {[%clk 0:04:23]} 37.
Re2 {[%clk 0:00:50]} 37... Qf6 {[%clk 0:04:33]} 38. Rf2 {[%clk 0:00:50]} 38...
Qxf2+ {[%clk 0:04:58]} 39. Qxf2 {[%clk 0:01:10]} 39... Rxf2 { [%clk 0:05:24]}
40. Kxf2 {[%clk 0:01:35]} 40... Bd5 {[%clk 0:05:00]} 41. c4 { [%clk 0:01:12]}
41... Bb7 {[%clk 0:04:25]} 42. cxb5 {[%clk 0:00:39]} 42... axb5 {[%clk
0:04:51]} 43. g3 {[%clk 0:00:54]} 43... Kg7 {[%clk 0:04:58]} 44. Ke3 { [%clk
0:01:19]} 44... Kf6 {[%clk 0:04:41]} 45. Kd4 {[%clk 0:00:54]} 45... Ke6 { [%clk
0:04:34]} 46. Ng4 {[%clk 0:00:37]} 46... Kd6 {[%clk 0:01:53]} 47. Ne3 { [%clk
0:14:02]} 47... h5 {[%clk 0:14:51]} 48. Nc2 {[%clk 0:12:51]} 48... Bc6 { [%clk
0:14:36]} 49. Ne3 {[%clk 0:13:00]} 49... Bb7 {[%clk 0:13:34]} 50. Nc2 { [%clk
0:13:22]} 50... Bd5 {[%clk 0:13:35]} 51. Ne3 {[%clk 0:13:29]} 51... Bc6 { [%clk
0:13:21]} 52. Nc2 {[%clk 0:13:54]} 52... Bf3 {[%clk 0:12:13]} 53. Ne3 { [%clk
0:14:05]} 53... Kc6 {[%clk 0:11:07]} 54. Nc2 {[%clk 0:13:05]} 54... Kb6 { [%clk
0:10:46]} 55. Nb4 {[%clk 0:13:06]} 55... Ka5 {[%clk 0:10:46]} 56. Kc5 { [%clk
0:12:52]} 56... Ka4 {[%clk 0:10:51]} 57. d4 {[%clk 0:12:28]} 57... Ka5 { [%clk
0:10:03]} 58. d5 {[%clk 0:12:43]} 58... Bg4 {[%clk 0:10:15]} 59. d6 { [%clk
0:12:10]} 59... Be6 {[%clk 0:09:59]} 60. Nd3 {[%clk 0:11:44]} 60... Bf5 { [%clk
0:09:53]} 61. Ne5 {[%clk 0:10:56]} 61... b4 {[%clk 0:07:19]} 62. d7 { [%clk
0:10:26]} 62... Bxd7 {[%clk 0:07:30]} 63. Nxd7 {[%clk 0:10:50]} 63... b3 {[%clk
0:07:49]} 64. Nb6 {[%clk 0:11:08]} 64... g5 {[%clk 0:07:59]} 65. h3 { [%clk
0:11:30]} 65... b2 {[%clk 0:07:48]} 66. Nc4+ {[%clk 0:11:54]} 66... Ka4 { [%clk
0:08:16]} 67. Nxb2+ {[%clk 0:12:13]} 67... Kb3 {[%clk 0:08:42]} 68. Kd5 { [%clk
0:09:29]} 68... Kc3 {[%clk 0:09:08]} 69. Ke5 {[%clk 0:09:48]} 69... g4 { [%clk
0:09:34]} 70. hxg4 {[%clk 0:10:06]} 70... hxg4 {[%clk 0:09:59]} 71. Kf4 1-0

[Event "DEM U10 2017"]
[Site "Willingen GER"]
[Date "2017.06.07"]
[Round "7"]
[White "Fuchs, Florian"]
[Black "Nitsche, Nikolai"]
[Result "0-1"]
[Termination "normal"]
[Board "2"]
[WhiteElo "1758"]
[BlackElo "1465"]
[WhiteClock "00:11:23"]
[BlackClock "00:32:11"]
[PlyCount "126"]
[WhiteFideId "16213351"]
[BlackFideId "16221036"]
[EventCountry "GER"]
[EventRounds "11"]
[EventType "swiss"]
[EventDate "2017.06.03"]

1. Nf3 {[%clk 1:15:54]} 1... d5 {[%clk 1:15:42]} 2. e3 {[%clk 1:15:23]} 2...
Bf5 {[%clk 1:15:47]} 3. c4 {[%clk 1:13:06]} 3... c6 {[%clk 1:14:35]} 4. d4 {
[%clk 1:13:22]} 4... e6 {[%clk 1:14:47]} 5. Nc3 {[%clk 1:13:47]} 5... Nf6 {
[%clk 1:14:14]} 6. Bd3 {[%clk 1:12:19]} 6... Bg6 {[%clk 1:14:01]} 7. O-O {
[%clk 1:11:18]} 7... Be7 {[%clk 1:13:43]} 8. Re1 {[%clk 1:10:30]} 8... O-O {
[%clk 1:08:46]} 9. Bxg6 {[%clk 1:08:24]} 9... hxg6 {[%clk 1:08:54]} 10. Qc2 {
[%clk 1:06:11]} 10... dxc4 {[%clk 1:07:36]} 11. Ne5 {[%clk 1:01:52]} 11... b5 {
[%clk 1:06:07]} 12. a4 {[%clk 0:59:03]} 12... b4 {[%clk 1:05:36]} 13. Ne2 {
[%clk 0:57:14]} 13... a5 {[%clk 1:05:22]} 14. Nxc4 {[%clk 0:55:19]} 14... Nbd7
{[%clk 1:02:55]} 15. b3 {[%clk 0:53:32]} 15... c5 {[%clk 1:02:57]} 16. Bb2 {
[%clk 0:51:42]} 16... Rc8 {[%clk 0:59:49]} 17. Qd1 {[%clk 0:49:11]} 17... Ne8 {
[%clk 0:51:27]} 18. Qd2 {[%clk 0:46:51]} 18... Nd6 {[%clk 0:50:50]} 19. Nxd6 {
[%clk 0:44:30]} 19... Bxd6 {[%clk 0:50:32]} 20. Red1 {[%clk 0:39:30]} 20... c4
{[%clk 0:46:48]} 21. bxc4 {[%clk 0:37:25]} 21... Rxc4 {[%clk 0:46:12]} 22. Rac1
{[%clk 0:37:45]} 22... Nb6 {[%clk 0:44:08]} 23. Rxc4 {[%clk 0:32:26]} 23...
Nxc4 {[%clk 0:43:44]} 24. Qc2 {[%clk 0:32:28]} 24... Nxb2 {[%clk 0:43:49]} 25.
Qxb2 {[%clk 0:31:26]} 25... Qd7 {[%clk 0:43:07]} 26. Qb3 {[%clk 0:30:29]} 26...
Rc8 {[%clk 0:43:22]} 27. d5 {[%clk 0:29:25]} 27... e5 {[%clk 0:36:26]} 28. e4 {
[%clk 0:26:10]} 28... Qc7 {[%clk 0:36:17]} 29. Re1 {[%clk 0:14:02]} 29... Qc2 {
[%clk 0:35:30]} 30. Qh3 {[%clk 0:13:09]} 30... Rc7 {[%clk 0:33:17]} 31. Ng3 {
[%clk 0:10:05]} 31... Qxa4 {[%clk 0:32:41]} 32. Qh4 {[%clk 0:09:35]} 32... Qd7
{[%clk 0:28:56]} 33. Nf1 {[%clk 0:06:23]} 33... b3 {[%clk 0:27:55]} 34. Re3 {
[%clk 0:06:34]} 34... b2 {[%clk 0:28:01]} 35. Rh3 {[%clk 0:05:59]} 35... Qxh3 {
[%clk 0:27:56]} 36. gxh3 {[%clk 0:05:56]} 36... Be7 {[%clk 0:27:40]} 37. d6 {
[%clk 0:05:38]} 37... Bxh4 {[%clk 0:24:49]} 38. dxc7 {[%clk 0:05:57]} 38...
b1=Q {[%clk 0:25:02]} 39. c8=Q+ {[%clk 0:06:18]} 39... Kh7 {[%clk 0:25:20]} 40.
Qg4 {[%clk 0:04:03]} 40... Bf6 {[%clk 0:22:39]} 41. Kg2 {[%clk 0:01:39]} 41...
a4 {[%clk 0:22:12]} 42. Qf3 {[%clk 0:14:39]} 42... Qb2 {[%clk 0:37:00]} 43. Ne3
{[%clk 0:14:28]} 43... Qb3 {[%clk 0:36:04]} 44. Nd5 {[%clk 0:13:59]} 44...
Qxf3+ {[%clk 0:32:21]} 45. Kxf3 {[%clk 0:14:24]} 45... a3 {[%clk 0:32:29]} 46.
Nc3 {[%clk 0:14:51]} 46... Kg8 {[%clk 0:31:35]} 47. Ke2 {[%clk 0:14:45]} 47...
Be7 {[%clk 0:31:05]} 48. Na2 {[%clk 0:14:02]} 48... f5 {[%clk 0:31:20]} 49.
exf5 {[%clk 0:13:02]} 49... gxf5 {[%clk 0:31:40]} 50. Nc3 {[%clk 0:13:03]}
50... Kf7 {[%clk 0:31:45]} 51. Na2 {[%clk 0:12:14]} 51... Bd6 {[%clk 0:31:44]}
52. Nc3 {[%clk 0:11:16]} 52... e4 {[%clk 0:32:05]} 53. Na2 {[%clk 0:11:33]}
53... Bxh2 {[%clk 0:32:17]} 54. Ke3 {[%clk 0:10:15]} 54... Be5 {[%clk 0:32:09]}
55. Nb4 {[%clk 0:10:26]} 55... Kg6 {[%clk 0:29:56]} 56. Na2 {[%clk 0:10:21]}
56... Kg5 {[%clk 0:30:15]} 57. Nb4 {[%clk 0:10:43]} 57... Kh4 {[%clk 0:30:36]}
58. Na2 {[%clk 0:10:57]} 58... Kxh3 {[%clk 0:30:58]} 59. Nb4 {[%clk 0:11:23]}
59... g5 {[%clk 0:31:06]} 60. Na2 {[%clk 0:11:48]} 60... Kg2 {[%clk 0:31:28]}
61. Nb4 {[%clk 0:10:58]} 61... Bd6 {[%clk 0:31:52]} 62. Na2 {[%clk 0:11:21]}
62... Bc5+ {[%clk 0:32:11]} 63. Ke2 {[%clk 0:11:23]} 63... Bxf2 0-1

[Event "DEM U10 2017"]
[Site "Willingen GER"]
[Date "2017.06.07"]
[Round "7"]
[White "Metzdorf, Matteo"]
[Black "Hecht, Jonas Christian"]
[Result "1/2-1/2"]
[Termination "normal"]
[Board "3"]
[WhiteElo "1466"]
[BlackElo "1465"]
[WhiteClock "00:05:37"]
[BlackClock "00:05:01"]
[PlyCount "114"]
[WhiteFideId "16209869"]
[BlackFideId "16214846"]
[EventCountry "GER"]
[EventRounds "11"]
[EventType "swiss"]
[EventDate "2017.06.03"]

1. e4 {[%clk 1:15:58]} 1... c5 {[%clk 1:15:54]} 2. Nc3 {[%clk 1:16:17]} 2...
Nc6 {[%clk 1:16:13]} 3. g3 {[%clk 1:16:33]} 3... g6 {[%clk 1:16:28]} 4. Bg2 {
[%clk 1:16:49]} 4... Bg7 {[%clk 1:16:47]} 5. d3 {[%clk 1:16:48]} 5... e6 {
[%clk 1:17:00]} 6. Be3 {[%clk 1:16:40]} 6... d6 {[%clk 1:17:12]} 7. Qd2 { [%clk
1:16:43]} 7... Nge7 {[%clk 1:17:10]} 8. Nge2 {[%clk 1:15:59]} 8... Nd4 { [%clk
1:17:03]} 9. Nd1 {[%clk 1:13:09]} 9... Nxe2 {[%clk 1:15:23]} 10. Qxe2 { [%clk
1:13:29]} 10... Nc6 {[%clk 1:15:39]} 11. c3 {[%clk 1:13:12]} 11... O-O { [%clk
1:15:47]} 12. O-O {[%clk 1:11:48]} 12... Bd7 {[%clk 1:14:35]} 13. f4 { [%clk
1:10:04]} 13... Rb8 {[%clk 1:08:30]} 14. Nf2 {[%clk 1:08:31]} 14... Re8 { [%clk
1:05:57]} 15. g4 {[%clk 0:56:17]} 15... Kh8 {[%clk 1:01:25]} 16. Nh3 { [%clk
0:50:48]} 16... f6 {[%clk 0:58:13]} 17. Rf2 {[%clk 0:37:48]} 17... Qe7 { [%clk
0:54:50]} 18. Re1 {[%clk 0:36:06]} 18... Rf8 {[%clk 0:49:58]} 19. Rf3 { [%clk
0:27:46]} 19... Rf7 {[%clk 0:46:59]} 20. Ref1 {[%clk 0:23:32]} 20... Re8 {[%clk
0:45:20]} 21. Re1 {[%clk 0:18:31]} 21... Qf8 {[%clk 0:44:30]} 22. Nf2 { [%clk
0:16:21]} 22... Kg8 {[%clk 0:41:23]} 23. Rg3 {[%clk 0:14:26]} 23... Rfe7 {[%clk
0:40:53]} 24. Kh1 24... Qf7 {[%clk 0:39:51]} 25. Rh3 {[%clk 0:11:07]} 25... Bh8
{[%clk 0:39:09]} 26. Rf1 {[%clk 0:09:45]} 26... Qf8 {[%clk 0:35:42]} 27. Rg1
{[%clk 0:07:57]} 27... Rf7 {[%clk 0:35:31]} 28. Rg3 {[%clk 0:07:28]} 28... Bg7
{[%clk 0:35:34]} 29. Bf3 {[%clk 0:07:27]} 29... Kh8 {[%clk 0:34:03]} 30. Qf1
{[%clk 0:06:12]} 30... Kg8 {[%clk 0:33:26]} 31. Bd2 {[%clk 0:05:46]} 31... Bh6
{[%clk 0:26:33]} 32. Qd1 {[%clk 0:04:20]} 32... Bg7 {[%clk 0:26:25]} 33. Nh3
{[%clk 0:04:02]} 33... Qe7 {[%clk 0:23:51]} 34. Re1 {[%clk 0:03:04]} 34... Qd8
{[%clk 0:23:29]} 35. Re2 {[%clk 0:02:35]} 35... a6 {[%clk 0:22:00]} 36. Qg1
{[%clk 0:02:03]} 36... Bc8 {[%clk 0:14:37]} 37. Nf2 37... Ree7 { [%clk
0:11:24]} 38. Nh3 {[%clk 0:01:38]} 38... Re8 {[%clk 0:10:57]} 39. g5 { [%clk
0:01:15]} 39... f5 {[%clk 0:10:44]} 40. Nf2 {[%clk 0:01:22]} 40... Rfe7 { [%clk
0:09:49]} 41. Qf1 {[%clk 0:00:59]} 41... Qc7 {[%clk 0:07:22]} 42. Qe1 { [%clk
0:00:36]} 42... b5 {[%clk 0:05:04]} 43. h4 {[%clk 0:00:33]} 43... Kf7 { [%clk
0:05:14]} 44. Kg1 {[%clk 0:00:33]} 44... Bb7 {[%clk 0:05:17]} 45. Nd1 { [%clk
0:00:31]} 45... Qb6 {[%clk 0:05:09]} 46. Be3 {[%clk 0:14:55]} 46... Qc7 { [%clk
0:19:52]} 47. h5 {[%clk 0:12:58]} 47... Qb8 {[%clk 0:12:25]} 48. Rd2 { [%clk
0:12:29]} 48... Rd7 {[%clk 0:12:04]} 49. Rgg2 {[%clk 0:10:33]} 49... Rdd8
{[%clk 0:12:08]} 50. Rh2 {[%clk 0:10:06]} 50... Rg8 {[%clk 0:08:44]} 51. Rhg2 {
[%clk 0:10:01]} 51... Qa8 {[%clk 0:06:29]} 52. Qg3 {[%clk 0:08:50]} 52... Ne7 {
[%clk 0:06:18]} 53. Nf2 {[%clk 0:08:11]} 53... c4 {[%clk 0:05:15]} 54. Bb6 {
[%clk 0:07:05]} 54... Rd7 {[%clk 0:04:23]} 55. dxc4 {[%clk 0:06:04]} 55... fxe4
{[%clk 0:04:41]} 56. Bg4 {[%clk 0:06:02]} 56... Nf5 {[%clk 0:04:40]} 57. Bxf5 {
[%clk 0:05:37]} 57... gxf5 {[%clk 0:05:01]} 1/2-1/2

[Event "DEM U10 2017"]
[Site "Willingen GER"]
[Date "2017.06.07"]
[Round "7"]
[White "Ehrig, Leon Chris"]
[Black "Prieb, Robert"]
[Result "0-1"]
[Termination "normal"]
[Board "4"]
[WhiteElo "1484"]
[BlackElo "1583"]
[WhiteClock "00:59:20"]
[BlackClock "00:57:18"]
[PlyCount "36"]
[WhiteFideId "16244796"]
[BlackFideId "16212002"]
[EventCountry "GER"]
[EventRounds "11"]
[EventType "swiss"]
[EventDate "2017.06.03"]

1. g3 {[%clk 1:15:58]} 1... g6 {[%clk 1:15:46]} 2. Bg2 {[%clk 1:16:10]} 2...
Bg7 {[%clk 1:15:55]} 3. c4 {[%clk 1:16:21]} 3... e5 {[%clk 1:15:06]} 4. d3 {
[%clk 1:16:22]} 4... Nf6 {[%clk 1:14:02]} 5. e4 {[%clk 1:16:41]} 5... O-O {
[%clk 1:13:17]} 6. Ne2 {[%clk 1:16:58]} 6... d6 {[%clk 1:09:16]} 7. O-O { [%clk
1:17:05]} 7... Nc6 {[%clk 1:06:32]} 8. f4 {[%clk 1:16:09]} 8... Nd7 { [%clk
1:05:33]} 9. f5 {[%clk 1:15:13]} 9... Nc5 {[%clk 1:05:03]} 10. Be3 { [%clk
1:14:36]} 10... Nb4 {[%clk 1:02:55]} 11. Bxc5 {[%clk 1:11:24]} 11... dxc5
{[%clk 1:03:11]} 12. Rf3 {[%clk 1:10:27]} 12... gxf5 {[%clk 1:02:25]} 13. Nbc3
{[%clk 1:08:28]} 13... fxe4 {[%clk 1:00:29]} 14. Nxe4 {[%clk 1:08:33]} 14...
Bg4 {[%clk 0:59:52]} 15. Nxc5 {[%clk 1:02:39]} 15... Bxf3 {[%clk 0:59:16]} 16.
Bxf3 {[%clk 1:02:33]} 16... c6 {[%clk 0:58:48]} 17. a3 {[%clk 0:59:36]} 17...
Na6 {[%clk 0:57:07]} 18. Nxb7 {[%clk 0:59:20]} 18... Qb6+ {[%clk 0:57:18]} 0-1

[Event "DEM U10 2017"]
[Site "Willingen GER"]
[Date "2017.06.07"]
[Round "7"]
[White "von Mettenheim, Johannes"]
[Black "Deuer, Marius"]
[Result "0-1"]
[Termination "normal"]
[Board "5"]
[WhiteElo "1407"]
[BlackElo "1698"]
[WhiteClock "00:09:07"]
[BlackClock "00:23:14"]
[PlyCount "94"]
[WhiteFideId "16244818"]
[BlackFideId "16236432"]
[EventCountry "GER"]
[EventRounds "11"]
[EventType "swiss"]
[EventDate "2017.06.03"]

1. d4 {[%clk 1:15:59]} 1... Nf6 {[%clk 1:15:54]} 2. c4 {[%clk 1:16:19]} 2... e6
{[%clk 1:16:20]} 3. Nc3 {[%clk 1:16:41]} 3... Bb4 {[%clk 1:16:44]} 4. Bg5 {
[%clk 1:16:56]} 4... c5 {[%clk 1:16:48]} 5. d5 {[%clk 1:17:05]} 5... exd5 {
[%clk 1:17:07]} 6. cxd5 {[%clk 1:17:28]} 6... d6 {[%clk 1:17:15]} 7. Nf3 {
[%clk 1:17:09]} 7... Nbd7 {[%clk 1:15:31]} 8. e4 {[%clk 1:15:35]} 8... Qa5 {
[%clk 1:13:22]} 9. Qc2 {[%clk 1:13:36]} 9... O-O {[%clk 1:12:05]} 10. Bd3 {
[%clk 1:13:28]} 10... b5 {[%clk 1:05:06]} 11. O-O {[%clk 1:10:58]} 11... c4 {
[%clk 1:04:23]} 12. Be2 {[%clk 1:04:59]} 12... Re8 {[%clk 1:01:15]} 13. Nd2 {
[%clk 0:57:14]} 13... Ba6 {[%clk 0:53:23]} 14. a4 {[%clk 0:53:59]} 14... Bxc3 {
[%clk 0:52:58]} 15. bxc3 {[%clk 0:54:17]} 15... Qc7 {[%clk 0:53:12]} 16. axb5 {
[%clk 0:54:06]} 16... Bxb5 {[%clk 0:53:32]} 17. Rfb1 {[%clk 0:53:40]} 17... a6
{[%clk 0:49:07]} 18. Qa2 {[%clk 0:49:36]} 18... Rac8 {[%clk 0:42:34]} 19. f3 {
[%clk 0:46:16]} 19... Nxd5 {[%clk 0:40:22]} 20. Qb2 {[%clk 0:34:25]} 20... N5b6
{[%clk 0:36:10]} 21. Nf1 {[%clk 0:30:24]} 21... d5 {[%clk 0:30:59]} 22. exd5 {
[%clk 0:28:42]} 22... Nxd5 {[%clk 0:30:32]} 23. Rd1 {[%clk 0:24:28]} 23... Rxe2
{[%clk 0:29:09]} 24. Qxe2 {[%clk 0:22:01]} 24... Nxc3 {[%clk 0:29:27]} 25. Qf2
{[%clk 0:18:43]} 25... Nxd1 {[%clk 0:29:35]} 26. Rxd1 {[%clk 0:19:04]} 26...
Nc5 {[%clk 0:28:29]} 27. Ne3 {[%clk 0:18:40]} 27... Nd3 {[%clk 0:27:55]} 28.
Qf1 {[%clk 0:15:01]} 28... f6 {[%clk 0:27:01]} 29. Bh4 {[%clk 0:13:36]} 29...
Qc5 {[%clk 0:26:09]} 30. Bf2 {[%clk 0:11:59]} 30... Nxf2 {[%clk 0:26:22]} 31.
Qxf2 {[%clk 0:12:13]} 31... Re8 {[%clk 0:26:27]} 32. Re1 {[%clk 0:09:52]} 32...
f5 {[%clk 0:25:28]} 33. g3 {[%clk 0:07:37]} 33... c3 {[%clk 0:24:28]} 34. Kg2 {
[%clk 0:05:25]} 34... Bd3 {[%clk 0:21:43]} 35. Qa2+ {[%clk 0:04:25]} 35... Kf8
{[%clk 0:19:08]} 36. Kf2 {[%clk 0:04:15]} 36... c2 {[%clk 0:18:21]} 37. Qb2 {
[%clk 0:02:48]} 37... Qa5 {[%clk 0:16:39]} 38. Qc1 {[%clk 0:00:39]} 38... g5 {
[%clk 0:12:51]} 39. f4 {[%clk 0:00:46]} 39... gxf4 {[%clk 0:12:02]} 40. gxf4 {
[%clk 0:01:13]} 40... Qc5 {[%clk 0:11:01]} 41. Qa1 {[%clk 0:00:49]} 41... Kf7 {
[%clk 0:10:52]} 42. Qa2+ {[%clk 0:15:03]} 42... Re6 {[%clk 0:25:33]} 43. Qb3 {
[%clk 0:14:30]} 43... c1=Q {[%clk 0:24:41]} 44. Qb7+ {[%clk 0:13:36]} 44... Qc7
{[%clk 0:24:41]} 45. Qb4 {[%clk 0:10:01]} 45... Re4 {[%clk 0:23:04]} 46. Qb3+ {
[%clk 0:09:43]} 46... Bc4 {[%clk 0:22:54]} 47. Rxc1 {[%clk 0:09:07]} 47...
Qxf4+ {[%clk 0:23:14]} 0-1

[Event "DEM U10 2017"]
[Site "Willingen GER"]
[Date "2017.06.07"]
[Round "7"]
[White "Morczynski, Joachim"]
[Black "Hänselmann, Hendrik"]
[Result "1/2-1/2"]
[Termination "normal"]
[Board "6"]
[WhiteElo "1645"]
[BlackElo "1461"]
[WhiteClock "00:15:48"]
[BlackClock "00:24:05"]
[PlyCount "119"]
[WhiteFideId "16209745"]
[BlackFideId "16232755"]
[EventCountry "GER"]
[EventRounds "11"]
[EventType "swiss"]
[EventDate "2017.06.03"]

1. e4 {[%clk 1:15:57]} 1... c6 {[%clk 1:15:57]} 2. Nc3 {[%clk 1:16:19]} 2... d5
{[%clk 1:16:19]} 3. Nf3 {[%clk 1:16:41]} 3... Bg4 {[%clk 1:16:44]} 4. h3 {
[%clk 1:17:03]} 4... Bxf3 {[%clk 1:17:09]} 5. Qxf3 {[%clk 1:17:26]} 5... e6 {
[%clk 1:17:33]} 6. d4 {[%clk 1:17:24]} 6... dxe4 {[%clk 1:17:01]} 7. Qxe4 {
[%clk 1:16:44]} 7... Nf6 {[%clk 1:17:05]} 8. Qh4 {[%clk 1:16:38]} 8... Be7 {
[%clk 1:16:34]} 9. Bg5 {[%clk 1:13:36]} 9... O-O {[%clk 1:16:11]} 10. O-O-O {
[%clk 1:13:18]} 10... Nbd7 {[%clk 1:16:10]} 11. Bd3 {[%clk 1:13:21]} 11... h6 {
[%clk 1:12:18]} 12. Bxf6 {[%clk 1:11:24]} 12... Nxf6 {[%clk 1:12:01]} 13. Qg3 {
[%clk 1:11:13]} 13... a5 {[%clk 1:10:50]} 14. Qf3 {[%clk 1:08:20]} 14... a4 {
[%clk 1:10:06]} 15. a3 {[%clk 1:06:18]} 15... Qc7 {[%clk 1:09:12]} 16. Ne4 {
[%clk 1:02:02]} 16... b5 {[%clk 1:05:46]} 17. Nxf6+ {[%clk 1:01:36]} 17... Bxf6
{[%clk 1:06:10]} 18. Qe4 {[%clk 1:01:52]} 18... g6 {[%clk 1:06:17]} 19. Kb1 {
[%clk 0:52:50]} 19... Rfb8 {[%clk 1:02:45]} 20. c3 {[%clk 0:51:59]} 20... c5 {
[%clk 0:56:33]} 21. h4 {[%clk 0:51:09]} 21... b4 {[%clk 0:46:47]} 22. cxb4 {
[%clk 0:49:01]} 22... Bxd4 {[%clk 0:44:22]} 23. h5 {[%clk 0:46:37]} 23... Qe5 {
[%clk 0:39:28]} 24. Qxe5 {[%clk 0:34:31]} 24... Bxe5 {[%clk 0:39:50]} 25. Rhe1
{[%clk 0:29:23]} 25... Bg7 {[%clk 0:38:51]} 26. hxg6 {[%clk 0:29:14]} 26...
fxg6 {[%clk 0:39:09]} 27. b5 {[%clk 0:26:29]} 27... Kf7 {[%clk 0:37:35]} 28.
Bc4 {[%clk 0:26:35]} 28... Rb6 {[%clk 0:37:28]} 29. Rd7+ {[%clk 0:25:37]} 29...
Kf8 {[%clk 0:29:12]} 30. Rxe6 {[%clk 0:24:29]} 30... Rxe6 {[%clk 0:29:28]} 31.
Bxe6 {[%clk 0:24:37]} 31... Re8 {[%clk 0:29:02]} 32. Rf7+ {[%clk 0:24:29]}
32... Kg8 {[%clk 0:29:16]} 33. Re7+ {[%clk 0:24:46]} 33... Kf8 {[%clk 0:29:24]}
34. Rxe8+ {[%clk 0:24:54]} 34... Kxe8 {[%clk 0:29:47]} 35. b6 {[%clk 0:23:43]}
35... Kd8 {[%clk 0:28:42]} 36. b7 {[%clk 0:23:20]} 36... Kc7 {[%clk 0:29:07]}
37. Bd5 {[%clk 0:23:34]} 37... g5 {[%clk 0:28:32]} 38. g4 {[%clk 0:23:35]}
38... Be5 {[%clk 0:28:14]} 39. Kc2 {[%clk 0:23:36]} 39... Kb8 {[%clk 0:27:29]}
40. b3 {[%clk 0:23:51]} 40... axb3+ {[%clk 0:27:15]} 41. Kxb3 {[%clk 0:24:11]}
41... Bd6 {[%clk 0:27:05]} 42. Kc4 {[%clk 0:24:21]} 42... Be7 {[%clk 0:26:58]}
43. a4 {[%clk 0:24:32]} 43... Bd6 {[%clk 0:27:07]} 44. Kb5 {[%clk 0:24:40]}
44... Kc7 {[%clk 0:26:15]} 45. a5 {[%clk 0:24:42]} 45... Bh2 {[%clk 0:26:18]}
46. a6 {[%clk 0:23:57]} 46... Kb8 {[%clk 0:25:38]} 47. Kb6 {[%clk 0:22:44]}
47... Bc7+ {[%clk 0:25:59]} 48. Kxc5 {[%clk 0:23:08]} 48... Bd8 {[%clk 0:24:09]
} 49. Kd6 {[%clk 0:21:53]} 49... Bb6 {[%clk 0:23:40]} 50. f3 {[%clk 0:22:08]}
50... Ka7 {[%clk 0:23:43]} 51. Bc4 {[%clk 0:22:25]} 51... Kb8 {[%clk 0:23:47]}
52. Ke7 {[%clk 0:21:19]} 52... Bc5+ {[%clk 0:23:50]} 53. Kf6 {[%clk 0:20:50]}
53... Bd6 {[%clk 0:23:01]} 54. Kg7 {[%clk 0:18:45]} 54... Ka7 {[%clk 0:23:24]}
55. Kxh6 {[%clk 0:19:01]} 55... Bf4 {[%clk 0:23:47]} 56. Kg6 {[%clk 0:18:26]}
56... Be3 {[%clk 0:24:00]} 57. Kf6 {[%clk 0:18:39]} 57... Kb8 {[%clk 0:24:20]}
58. Ke6 {[%clk 0:18:50]} 58... Ka7 {[%clk 0:23:59]} 59. Kd7 {[%clk 0:18:48]}
59... Kb8 {[%clk 0:24:05]} 60. Bd3 {[%clk 0:15:48]} 1/2-1/2